| 000 | 00921nam a2200253 a 4500 | ||
|---|---|---|---|
| 999 |
_c2905 _d2905 |
||
| 005 | 20180209094109.0 | ||
| 008 | 140220b2002 ck ||||| |||| 00| 0 spa d | ||
| 040 |
_aCO-BoIAVH _cCO-BoIAVH |
||
| 041 | _aspa | ||
| 044 | _ack | ||
| 082 | 0 | 4 |
_a597.092 _bL69l |
| 090 |
_aLB _b00352 |
||
| 245 | 1 | 0 |
_aLibro rojo de peces marinos de Colombia / _ceditado por Luz Stella Mejía y Arturo Acero |
| 260 |
_aBogotá: _bInstituto de Investigaciones Marinas y Costeras Invemar; _bMinisterio de Ambiente y Desarrollo Sostenible, _c2002. |
||
| 300 |
_a173 p. _bil. _c24 cm. |
||
| 490 | _aLibros Rojos de Especies Amenazadas | ||
| 650 |
_aPeces _zColombia |
||
| 650 |
_aPeces marinos _zColombia |
||
| 650 |
_aPeces extintos _zColombia |
||
| 650 | 6 |
_aPeces marinos _xclasificación _zColombia |
|
| 650 | 6 |
_aPoblación de peces _zColombia |
|
| 700 | 1 | _aAcero-P., Arturo | |
| 942 |
_cLIBRO _2ddc _011 |
||